কাল মধুমাস / (Record no. 40884)
[ view plain ]
| 000 -LEADER | |
|---|---|
| fixed length control field | 00808nam a2200229 a 4500 |
| 001 - CONTROL NUMBER | |
| control field | 40884 |
| 003 - CONTROL NUMBER IDENTIFIER | |
| rucl marc code | BD-RjUL |
| 005 - DATE AND TIME OF LATEST TRANSACTION | |
| control field | 20211209053306.0 |
| 008 - FIXED-LENGTH DATA ELEMENTS--GENERAL INFORMATION | |
| fixed length control field | 160511r19691966ii ||||| |||| 00| 0 ben d |
| 020 ## - INTERNATIONAL STANDARD BOOK NUMBER | |
| Terms of availability | : IRs 3.50 |
| 035 ## - SYSTEM CONTROL NUMBER | |
| System control number | (BD-RjUL)41000 |
| 040 ## - CATALOGING SOURCE | |
| Original cataloging agency | BD-RjUL |
| Language of cataloging | ben |
| Transcribing agency | BD-RjUL |
| 041 ## - LANGUAGE CODE | |
| Language code of text/sound track or separate title | ben |
| 082 ## - DEWEY DECIMAL CLASSIFICATION NUMBER | |
| Edition number | 23 |
| Classification number | 891.441 |
| Author mark and year | MUK 1969 |
| 100 ## - MAIN ENTRY--PERSONAL NAME | |
| Personal name | মুখোপাধ্যায়, সুভাষ |
| 9 (RLIN) | 120911 |
| 245 ## - TITLE STATEMENT | |
| Title | কাল মধুমাস / |
| Statement of responsibility, etc. | সুভাষ মখোপাধ্যায় |
| 260 ## - PUBLICATION, DISTRIBUTION, ETC. (IMPRINT) | |
| Place of publication, distribution, etc. | কলিকাতা : |
| Name of publisher, distributor, etc. | ভারবি, |
| Date of publication, distribution, etc. | ১৯৬৬ [পুণমুদ্রণ ১৯৬৯] |
| 300 ## - PHYSICAL DESCRIPTION | |
| Pagination | ৮৭ পৃ. ; |
| Size | ২১ সেমি. |
| 650 ## - SUBJECT ADDED ENTRY--TOPICAL TERM | |
| Topical term or geographic name as entry element | বাংলা কবিতা |
| 9 (RLIN) | 125844 |
| Topical term or geographic name as entry element | Bengali Poetry |
| 9 (RLIN) | 125845 |
| 942 ## - ADDED ENTRY ELEMENTS (KOHA) | |
| Source of classification or shelving scheme | Dewey Decimal Classification |
| Koha item type | Books |
| Lost status | Source of classification or shelving scheme | Damaged status | Not for loan | Collection code | Permanent Location | Current Location | Shelving location | Date acquired | Source of acquisition | Cost, normal purchase price | Total Checkouts | Full call number | Date last seen | Copy number | Koha item type |
|---|---|---|---|---|---|---|---|---|---|---|---|---|---|---|---|
| Dewey Decimal Classification | Not For Loan | Non-fiction | Central Library, University of Rajshahi | Central Library, University of Rajshahi | Reading Room | 12/06/1990 | Shawkat Osman, Dhaka | 3.50 | B 891.441 MUK 1969 | 11/05/2016 | C-1 | Books |